000 00582nam a22002057a 4500
999 _c63469
_d63469
005 20240530110643.0
008 170913s1996 cc h f 000 0 eng d
020 _a9789881223142
040 _aEG-CaGPL
082 0 4 _221
_a739.27
_bY D
100 1 _aYuan, Fianing
245 1 0 _aI love you :
_bDesign Jewelry & Accessories /
_cFianing Yuan
260 _aHong Kong :
_bDesignerbooks ,
_c1996.
300 _a441 P. :
_bill ؛
_c24 cm.
650 0 0 _aDESIGN
650 0 0 _aNEW JEWELRY
650 0 0 _aSilver jewelry
942 _2ddc
_cBK